header

Beginning illustration and storyboarding for games (Record no. 55219)

MARC details
000 -LEADER
fixed length control field 01280nam a2200349Ia 4500
082 04 - DEWEY DECIMAL CLASSIFICATION NUMBER
Classification number 794.8/1536
100 1# - MAIN ENTRY--AUTHOR NAME
Personal name Pardew, Les.
245 10 - TITLE STATEMENT
Title Beginning illustration and storyboarding for games
260 ## - PUBLICATION, DISTRIBUTION, ETC. (IMPRINT)
Place of publication Boston, Mass. :
Name of publisher Thomson Course Technology,
Year of publication c2005.
300 ## - PHYSICAL DESCRIPTION
Number of Pages xv, 276 p. :
Other physical details ill.
500 ## - GENERAL NOTE
General note Includes index.
650 #0 - SUBJECT ADDED ENTRY--TOPICAL TERM
Topical Term Computer animation.
Topical Term Computer art.
Topical Term Computer games
Topical Term Computer graphics.
Topical Term Video games
856 40 - ELECTRONIC LOCATION AND ACCESS
Uniform Resource Identifier http://site.ebrary.com/lib/rucke/Doc?id=10082062

No items available.

© 2026 Rongo University
Contact us: librarian | system librarian | Rongo university